LEADER 01251nam--2200409---450- 001 990000419250203316 005 20050204125616.0 010 $a88-07-07014-6 035 $a0041925 035 $aUSA010041925 035 $a(ALEPH)000041925USA01 035 $a0041925 100 $a20010427h----1985km-y0itay0103----ba 101 $ait 102 $aITA 105 $a||||||||001yy 200 1 $aCon occhi di figlia$eritratto di Margaret Mead e Gregory Bateson$fMary Catherine Bateson$gMariangela Zanusso 210 $aMilano$cFeltrinelli$h1985 215 $a239 p.$c8 c. di tav.; ill.$d23 cm 225 2 $aTempo ritrovato$v13 410 $12001$aTempo ritrovato$v13 606 0 $aMead, Margaret 606 0 $aBateson, Gregory 676 $a306.092 700 1$aBATESON,$bMary Catherine$0141952 702 1$aZANUSSO,$bMariangela 801 0$aIT$bsalbc$gISBD 912 $a990000419250203316 951 $aIII.2. 193(VARIE COLL. 726/13)$b133438 LM$cVARIE COLL. 959 $aBK 969 $aUMA 979 $aPATTY$b90$c20010427$lUSA01$h1357 979 $c20020403$lUSA01$h1650 979 $aPATRY$b90$c20040406$lUSA01$h1629 979 $aCOPAT2$b90$c20050204$lUSA01$h1256 996 $aCon occhi di figlia$9509358 997 $aUNISA LEADER 01488oam 2200385M 450 001 9910716455103321 005 20200213071026.7 035 $a(CKB)5470000002521594 035 $a(OCoLC)1065742981 035 $a(OCoLC)995470000002521594 035 $a(EXLCZ)995470000002521594 100 $a20071213d1927 ua 0 101 0 $aeng 135 $aurcn||||||||| 181 $ctxt$2rdacontent 182 $cc$2rdamedia 183 $acr$2rdacarrier 200 10$aRequesting certain information from the Secretary of the Treasury. February 2, 1927. -- Ordered to be printed 210 1$a[Washington, D.C.] :$c[U.S. Government Printing Office],$d1927. 215 $a1 online resource (1 pages) 225 1 $aHouse report / 69th Congress, 2nd session. House ;$vno. 1921 225 1 $a[United States congressional serial set] ;$v[serial no. 8690] 300 $aBatch processed record: Metadata reviewed, not verified. Some fields updated by batch processes. 300 $aFDLP item number not assigned. 606 $aGovernment publications$zUnited States 608 $aLegislative materials.$2lcgft 615 0$aGovernment publications 701 $aGraham$b George Scott$f1850-1931.$pRepublican (PA)$01386798 801 0$bWYU 801 1$bWYU 801 2$bOCLCO 906 $aBOOK 912 $a9910716455103321 996 $aRequesting certain information from the Secretary of the Treasury. February 2, 1927. -- Ordered to be printed$93471316 997 $aUNINA